Loading...
| Literature - British | 0 | 8 | 2 | 1 | 70 | 73 | 112.75 | 1 | 5 | 0.00 | 0.00 |
| Literature - American | 0 | 6 | 2 | 1 | 50 | 109 | 125.83 | 0 | 3 | 0.00 | 0.00 |
| Literature - European | 0 | 6 | 2 | 0 | 50 | 112 | 128.83 | 0 | 1 | 0.00 | 0.00 |
| Mythology | 0 | 3 | 1 | 0 | 25 | 33 | 67.33 | 2 | 3 | 0.00 | 0.00 |
| Fine Arts - Classical Music | 0 | 2 | 0 | 1 | 20 | 132 | 132.50 | 0 | 0 | 0.00 | 0.00 |
| History - European | 0 | 2 | 0 | 0 | 20 | 133 | 138.00 | 0 | 1 | 0.00 | 0.00 |
| Religion | 0 | 2 | 0 | 0 | 20 | 109 | 117.00 | 0 | 0 | 0.00 | 0.00 |
| Science - Chemistry | 0 | 2 | 0 | 0 | 20 | 115 | 121.00 | 0 | 2 | 0.00 | 0.00 |
| Social Science | 0 | 2 | 0 | 0 | 20 | 81 | 102.50 | 0 | 0 | 0.00 | 0.00 |
| Literature - World | 0 | 3 | 3 | 0 | 15 | 135 | 140.00 | 0 | 1 | 0.00 | 0.00 |
| Fine Arts - Other | 0 | 2 | 1 | 0 | 15 | 104 | 105.00 | 0 | 0 | 0.00 | 0.00 |
| Science - Other | 0 | 2 | 1 | 0 | 15 | 48 | 80.00 | 1 | 2 | 0.00 | 0.00 |
| Fine Arts - Painting & Sculpture | 0 | 1 | 0 | 0 | 10 | 118 | 118.00 | 0 | 1 | 0.00 | 0.00 |
| History - Other | 0 | 1 | 0 | 0 | 10 | 133 | 133.00 | 0 | 0 | 0.00 | 0.00 |
| Other | 0 | 1 | 0 | 0 | 10 | 143 | 143.00 | 0 | 0 | 0.00 | 0.00 |
| Science - Physics | 0 | 2 | 3 | 0 | 5 | 55 | 87.00 | 1 | 2 | 0.00 | 0.00 |
| History - World | 0 | 1 | 1 | 0 | 5 | 22 | 22.00 | 1 | 1 | 0.00 | 0.00 |
| Philosophy | 0 | 0 | 1 | 0 | -5 | 0.00 | 0 | 0 | 0.00 | 0.00 |